Statistiques concernant Romans de Stephen King (1976-2023)

Cliquez ici pour prendre le quiz!

Statistiques générales

  • Ce quiz a été pris 91 fois
  • Le résultat moyen est 28 sur 85

Statistiques - réponses

HintRéponse% Correct
1988Ça
100%
1976Carrie
79%
1996La ligne verte
71%
1979Shining
71%
1989Misery
68%
1985Simetierre
68%
1982Cujo
62%
1977Salem
62%
1984Charlie
59%
2011Dôme
56%
1993Jessie
56%
1981Le fléau
56%
2020L'institut
56%
1989Marche ou crève
53%
201322/11/63
50%
1987Brume
50%
1984Christine
50%
2023Holly
47%
1986La peau sur les os
47%
1995Les yeux du dragon
47%
1989Les Tommyknockers
44%
2019L'Outsider
44%
1988Running man
44%
1983Dead zone
41%
2014Joyland
41%
2015Mr Mercedes
41%
1999Sac d'os
41%
2021Après
38%
1992Bazaar
38%
2021Billy Summers
38%
2016Carnets noirs
38%
1996Désolation
38%
2013Docteur Sleep
38%
2000La petite fille qui aimait Tom Gordon
38%
1990Rage
38%
2020Si ça saigne
38%
1980Danse macabre
35%
1986Différentes saisons
35%
2017Fin de ronde
35%
1997Rose Madder
35%
2018Sleeping Beauties
35%
2006Cellulaire
32%
2022Conte de fées
32%
1993Dolores Claiborne
32%
1995Insomnie
32%
1990La part des ténèbres
32%
1999La tempête du siècle
32%
2016Le bazar des mauvais rêves
32%
2015Revival
32%
2002Dreamcatcher
29%
1986L'année du loup-garou
29%
2004Roadmaster
26%
2008Blaze
24%
1987Chantier
24%
2006Colorado Kid
24%
2009Duma key
24%
2018Gwendy et la boite à boutons
24%
1996Les régulateurs
24%
1995Anatomie de l'horreur
21%
2007Histoire de Lisey
21%
2010Juste avant le crépuscule
21%
1986Peur bleue
21%
1994Rêves et cauchemars
21%
2019Elévation
18%
2012Nuit noire, étoiles mortes
18%
2000Un tour sur le bolid'
18%
2014Un visage dans la foule
18%
2003Tout est fatal
15%
2001Cœurs perdus en Atlantide
12%
1986Le talisman des territoires
9%
1991Minuit 2 & Minuit 4
9%
2014Plein gaz
9%
2014Sale gosse
9%
2020Classe tous risques
6%
2001Ecriture, mémoires d'un métier
6%
2012La clé des vents (La Tour Sombre 4.5)
6%
2005La Tour Sombre (La Tour Sombre 7)
6%
2005Le chant de Susannah (La Tour Sombre 6)
6%
1991Le Pistolero (La Tour Sombre 1)
6%
2004Les loups de la Calla (La Tour Sombre 5)
6%
1991Les trois cartes (La Tour Sombre 2)
6%
1998Magie et cristal (La Tour Sombre 4)
6%
1992Terres perdues (La Tour Sombre 3)
6%
2002Territoires (Le talisman des territoires 2)
6%
1991Le fléau (version intégrale)
3%

Distribution des résultats

Percentile par nombre de réponses

% des personnes avec chaque résultat

Votre développement - résultats

Vous n’avez pas pris ce quiz